00519nam a2200157 a 450000500170000000800410001704100080005804400070006610000240007311000200009724501440011726000250026130000100028650500360029670000290033220140217112526.0140217b2009 ck ||||| |||| 00| 0 spa d aspa ack aFranco, Ana María bHolcim Colombia aAbundancia y ecología básica del zorro plateado (Urocyon cinereoargenteus) en el área de la planta de cemento Holcim, Nobsa, Boyacá aBogotábIAVHc2009 a40 p. aCD: Copia del documento impreso aBaptiste, María Piedad